000 00589nam a22002177a 4500
003 NUST - PNEC
005 20170116181131.0
008 151006b xxu||||| |||| 00| 0 eng d
020 _a0415243173
020 _a0415243181
020 _a978041524317
020 _a9780415243186
040 _cLIBRARY
082 _a820.9 CAR
100 _913964
_aCarter, Ronald
245 _aThe Routledge history of literature in English : Britain and Ireland
_cRonald Carter
250 _a2nd ed.
260 _cc.2001
650 _913966
_aEnglish language
_xGeneral books
942 _2ddc
_cBK
999 _c69965
_d69965